Killer Croc - Portrayals by Picture - Statistics

General Stats
  • This quiz has been taken 3 times
  • The average score is 4 of 14
Answer Stats
Picture Answer % Correct
Steve Blum / Khary Payton
100%
Fred Tatasciore
50%
John DiMaggio
50%
Matt Villa / Nolan North / Steve Blum / Fred Tatasciore
50%
Ron Perlman
50%
Steve Blum
50%
Aaron Kincaid
0%
Adewale Akinnuoye-Agbaje
0%
Brooks Gardner
0%
Edwin Hodge
0%
Edwin Neal
0%
Matt Oberg
0%
Stephen Root
0%
Wade Williams
0%
No matching quizzes found
Score Distribution
Percent of People with Each Score
Percentile by Number Answered
Your Score History
You have not taken this quiz